<?xml version="1.0" encoding="UTF-8"?>
<collection xmlns="http://www.loc.gov/MARC21/slim">
 <record>
  <leader>     na                 </leader>
  <controlfield tag="001">INLIS000000001054952</controlfield>
  <controlfield tag="005">20260428081019</controlfield>
  <datafield tag="035" ind1=" " ind2=" ">
   <subfield code="a">0010-0426000069</subfield>
  </datafield>
  <controlfield tag="003">CB        D.1120200</controlfield>
  <controlfield tag="006">aa   grb    000 0</controlfield>
  <controlfield tag="007">ta</controlfield>
  <controlfield tag="008">260428                g          0 ind  </controlfield>
  <datafield tag="020" ind1=" " ind2=" ">
   <subfield code="a">978-623-7267-41-6</subfield>
  </datafield>
  <datafield tag="040" ind1=" " ind2=" ">
   <subfield code="a">JKPNPNA</subfield>
   <subfield code="b">ind</subfield>
   <subfield code="e">rda</subfield>
  </datafield>
  <datafield tag="082" ind1=" " ind2=" ">
   <subfield code="a">631.584</subfield>
  </datafield>
  <datafield tag="084" ind1=" " ind2=" ">
   <subfield code="a">631.584 BEN p</subfield>
  </datafield>
  <datafield tag="090" ind1=" " ind2=" ">
   <subfield code="a">CB-D.11 2020-023711</subfield>
  </datafield>
  <datafield tag="100" ind1="0" ind2=" ">
   <subfield code="a">Benito Heru Purwanto</subfield>
   <subfield code="e">Pengarang</subfield>
  </datafield>
  <datafield tag="245" ind1="1" ind2=" ">
   <subfield code="a">Pertanian organik :</subfield>
   <subfield code="b">solusi pertanian berkelanjutan /</subfield>
   <subfield code="c">Benito Heru Purwanto, Sri Nuryani Hidayah Utami, Didik Indradewa, Edhi Martono ; editor, Edhi Martono, Suci Handayani, Jesicca Deviyanti</subfield>
  </datafield>
  <datafield tag="250" ind1=" " ind2=" ">
   <subfield code="a">Cetakan 1, 2020</subfield>
  </datafield>
  <datafield tag="264" ind1=" " ind2=" ">
   <subfield code="a">Sleman :</subfield>
   <subfield code="b">Lily Publisher,</subfield>
   <subfield code="c">2020</subfield>
  </datafield>
  <datafield tag="300" ind1=" " ind2=" ">
   <subfield code="a">xiv, 290 halaman :</subfield>
   <subfield code="b">ilustrasi berwarna ;</subfield>
   <subfield code="c">23 cm</subfield>
  </datafield>
  <datafield tag="336" ind1=" " ind2=" ">
   <subfield code="2">rdacontent</subfield>
   <subfield code="a">teks</subfield>
  </datafield>
  <datafield tag="337" ind1=" " ind2=" ">
   <subfield code="2">rdamedia</subfield>
   <subfield code="a">tanpa perantara</subfield>
  </datafield>
  <datafield tag="338" ind1=" " ind2=" ">
   <subfield code="2">rdacarrier</subfield>
   <subfield code="a">volume</subfield>
  </datafield>
  <datafield tag="504" ind1=" " ind2=" ">
   <subfield code="a">Bibliografi : halaman 271-273</subfield>
  </datafield>
  <datafield tag="650" ind1=" " ind2="4">
   <subfield code="a">Pertanian organik</subfield>
  </datafield>
  <datafield tag="700" ind1="0" ind2=" ">
   <subfield code="a">Sri Nuryani Hidayah Utami</subfield>
   <subfield code="e">penulis</subfield>
  </datafield>
  <datafield tag="700" ind1="0" ind2=" ">
   <subfield code="a">Didik Indradewa</subfield>
   <subfield code="e">penulis</subfield>
  </datafield>
  <datafield tag="700" ind1="0" ind2=" ">
   <subfield code="a">Edhi Martono</subfield>
   <subfield code="e">penulis</subfield>
  </datafield>
  <datafield tag="700" ind1="0" ind2=" ">
   <subfield code="a">Edhi Martono</subfield>
   <subfield code="e">editor</subfield>
  </datafield>
  <datafield tag="700" ind1="0" ind2=" ">
   <subfield code="a">Suci Handayani</subfield>
   <subfield code="e">editor</subfield>
  </datafield>
  <datafield tag="700" ind1="0" ind2=" ">
   <subfield code="a">Jesicca Deviyanti</subfield>
   <subfield code="e">editor</subfield>
  </datafield>
  <datafield tag="850" ind1=" " ind2=" ">
   <subfield code="a">JKPNPNA</subfield>
  </datafield>
  <datafield tag="999" ind1=" " ind2=" ">
   <subfield code="a">CB-D.11 2020-023711</subfield>
  </datafield>
  <datafield tag="520" ind1=" " ind2=" ">
   <subfield code="a">Penurunan kualitas lahan pertanian terutama karena kerusakan fisik dan kimiawi lahan serta penurunan keragaman hayati, memunculkan kekuatiran segolongan masyarakat akan terjadinya ketidakberlanjutan produksi pertanian akibat penerapan revolusi hijau. Inovasi teknologi budi daya pertanian khususnya padi sawah, sebagai upaya peningkatan produktivitas lahan melalui sistem pertanian yang berkelanjutan akhirnya mulai banyak diterapkan. &#13;
&#13;
Pertanian organik didefinisikan sebagai produksi tanaman, hewan, dan produk lainnya tanpa menggunakan pupuk kimia sintetis dan pestisida, spesies transgenik, atau antibiotik dan steroid peningkat pertumbuhan, atau bahan kimia lainnya. Pertanian organik dinilai sebagai sistem pertanian yang mampu menyediakan ketersediaan pangan secara berkelanjutan karena ramah lingkungan. &#13;
&#13;
Pertanian organik bukan hanya tren, tetapi adalah gaya hidup berkelanjutan yang memiliki banyak manfaat penting. Pertanian organik tidak identik dengan pertanian tradisional. Dalam menjalankan pertanian organik dituntut untuk menguasai ilmu pengetahuan dan teknologi. Di buku ini dipaparkan berbagai kontribusi pemikiran dari pakar Fakultas Pertanian UGM dari segi budi daya, tanah, pengelolaan tanah dan perlindungan tanaman dalam rangka mewujudkan pertanian yang berkelanjutan.</subfield>
  </datafield>
  <datafield tag="990" ind1=" " ind2=" ">
   <subfield code="a">2022/HD/0406</subfield>
  </datafield>
 </record>
</collection>
